000 00920nam a2200289 i 4500
001 C2-0233131
003 PPAK
005 20180728090309.0
008 010402s1991 my |||| ||||| | may d
020 _a9838610216
040 _aPPAK
_beng
_cPPAK
_erda
082 0 4 _a899.23
_223
090 0 0 _a899.23
_bALI
_dKIH
090 0 0 _a899.23
_bALI
_dKSA
090 0 0 _a899.23
_bALI
_dR
100 0 _aAli Haji Ahmad,
_cProf.
_eauthor
245 1 0 _aKesusasteraan Melayu dalam tasawwur Islam
264 1 _aPulau Pinang :
_bUniversiti Sains Malaysia ,
_c1991
300 _aiii, 36 pages ;
_c20 cm
336 _2rdacontent
_atext
337 _2rdamedia
_aunmediated
338 _2rdacarrier
_avolume
490 1 _aSiri syarahan perlantikan Profesor 1988/Bil. 1
650 1 0 _aMalay literature - History and criticism ; Islamic literature, Malay
830 0 _aSiri syarahan perlantikan Profesor 1988/Bil. 1
942 _ddc
_cB
999 _c152147
_d152147